Score 0/10 Timer 10:00
0 Plays Today
Batman Spiderman % Correct
JokerGreen Goblin
88.6%
CatwomanBlack Cat
80.8%
Clay FaceSandman
71.3%
Killer CrocLizard
64.7%
BaneVenom
53.3%
PenguinDoc Ock
46.7%
ScarecrowMysterio
40.7%
Mr. FreezeElectro
33.5%
HushChameleon
25.1%
Black MaskTombstone
20.4%
Remove Ads.
Support Sporcle.
Get the best of Sporcle when you Go Orange. This ad-free experience offers more features, more stats, and more fun while also helping to support Sporcle. Thank you for becoming a member.

You're not logged in!

Compare scores with friends on all Sporcle quizzes.
OR
Log In

Show Comments

Extras

Top Quizzes Today


Score Distribution

Your Account Isn't Verified!

In order to create a playlist on Sporcle, you need to verify the email address you used during registration. Go to your Sporcle Settings to finish the process.

Report this User

Report this user for behavior that violates our Community Guidelines.

Details: